书目信息 |
| 题名: |
第二次世界大战时期的德国海军发展史
|
|
| 作者: | 杰克逊 著 ;于仓和 译 | |
| 分册: | ||
| 出版信息: | 北京 中国市场出版社 2014 |
|
| 页数: | 218页 | |
| 开本: | 23cm | |
| 丛书名: | ||
| 单 册: | ||
| 中图分类: | E516.53 | |
| 科图分类: | ||
| 主题词: | 第二次世界大战--海军--军事史--德国 | |
| 电子资源: | ||
| ISBN: | 978-7-5092-1294-3 | |
| 000 | 01153nam0 2200253 450 | |
| 001 | 338997 | |
| 005 | 20150604095256.26 | |
| 010 | @a978-7-5092-1294-3@dCNY58.00 | |
| 100 | @a20141218d2014 em y0chiy50 ea | |
| 101 | 1 | @achi@ceng |
| 102 | @aCN@b110000 | |
| 105 | @aa z 000yy | |
| 106 | @ar | |
| 200 | 1 | @a第二次世界大战时期的德国海军发展史@Adi er ci shi jie da zhan shi qi de de guo hai jun fa zhan shi@d= Kriegsmarine: the illustrated history of the German navy in WWII@f(英) 罗伯特·杰克逊(Robert Jackson) 著@g于仓和译@zeng |
| 210 | @a北京@c中国市场出版社@d2014 | |
| 215 | @a218页@c照片@d23cm | |
| 330 | @a本书将德国海军自《凡尔赛和约》后重生到1945年最后的溃败、从北大西洋的消耗战到英吉利海峡和地中海激烈海战的历程娓娓道来。全书不仅介绍二次大战中德国海军所有种类的舰艇和作战行动, 更刻画出艇上官兵的作战与生活。 | |
| 510 | 1 | @aKriegsmarine: the illustrated history of the German navy in WWII@zeng |
| 606 | 0 | @a第二次世界大战@x海军@x军事史@y德国 |
| 690 | @aE516.53@v5 | |
| 701 | 0 | @c(英)@a杰克逊@Ajie ke xun@c(Jackson, Robert)@4著 |
| 702 | 0 | @a于仓和@Ayu cang he@f(1980)@4译 |
| 801 | 0 | @aCN@b卓展宏图@c20150525 |
| 905 | @dE516.53@e89@f5 | |
| 第二次世界大战时期的德国海军发展史= Kriegsmarine: the illustrated history of the German navy in WWII/(英) 罗伯特·杰克逊(Robert Jackson) 著/于仓和译.-北京:中国市场出版社,2014 |
| 218页:照片;23cm |
| ISBN 978-7-5092-1294-3:CNY58.00 |
| 本书将德国海军自《凡尔赛和约》后重生到1945年最后的溃败、从北大西洋的消耗战到英吉利海峡和地中海激烈海战的历程娓娓道来。全书不仅介绍二次大战中德国海军所有种类的舰艇和作战行动, 更刻画出艇上官兵的作战与生活。 |
| ● |
| 相关链接 |
|
|
|
|
正题名:第二次世界大战时期的德国海军发展史
索取号:E516.53/89
 
预约/预借
| 序号 | 登录号 | 条形码 | 馆藏地/架位号 | 状态 | 备注 |
| 1 | 858856 | 208588562 | 第一样本阅览室/ [索取号:E516.53/89] | 在馆 | |
| 2 | 858857 | 208588571 | 第一借阅区/ [索取号:E516.53/89] | 在馆 | |
| 3 | 858858 | 208588580 | 第一借阅区/ [索取号:E516.53/89] | 在馆 | |
| 4 | 858859 | 208588599 | 第一借阅区/ [索取号:E516.53/89] | 在馆 | |
| 5 | 858860 | 208588606 | 第一借阅区/ [索取号:E516.53/89] | 在馆 |